| 000 | 00459nam a2200181Ia 4500 | ||
|---|---|---|---|
| 003 | LK-CoDNM | ||
| 008 | 010623t2008 xxu||||| |||| 00| 1 sin d | ||
| 040 |
_aLK-CoDNM _dLK-CoDNM _eLK-CoDNM |
||
| 041 | _asin | ||
| 080 | _ax 92 SUR | ||
| 100 | _aSuriyaarachchi, Nandasena | ||
| 245 | _aකිංස්ලි | ||
| 246 | _aKingsly | ||
| 260 |
_bVix advertising marketing Ltd _aColombo _c2008 |
||
| 300 | _b175, 22 cm | ||
| 650 | _aBiography | ||
| 942 | _cBK | ||
| 999 |
_c127591 _d127591 |
||